| 000 | 00000cam 2200000zi 4500 |
| 001 | 9.958270 |
| 003 | CaOODSP |
| 005 | 20251212153716 |
| 006 | m o d f |
| 007 | cr |n||||||||| |
| 008 | 251212s1926 nsc ob f|0| 0 eng d |
| 040 | |aCaOODSP|beng|erda|cCaOODSP |
| 043 | |an-cn--- |
| 086 | 1 |aFs52-5/11-1926E-PDF |
| 100 | 1 |aDreyer, N. B., |eauthor. |
| 245 | 10|aAmmonia and trimethylamine in fish / |cN.B. Dreyer. |
| 264 | 1|aHalifax : |bBiological Board of Canada, |c1926. |
| 300 | |a1 online resource (11 pages). |
| 336 | |atext|btxt|2rdacontent |
| 337 | |acomputer|bc|2rdamedia |
| 338 | |aonline resource|bcr|2rdacarrier |
| 490 | 1 |aManuscript reports of the experimental stations ; |vno. 11 |
| 500 | |aDigitized edition from print [produced by Department of Fisheries and Oceans]. |
| 504 | |aIncludes bibliographical references (page 11). |
| 650 | 0|aDecomposition (Chemistry) |
| 650 | 0|aFishery products|xMicrobiology. |
| 650 | 0|aSmoked fish|xMicrobiology. |
| 650 | 6|aDécomposition (Chimie) |
| 650 | 6|aProduits de la pêche|xMicrobiologie. |
| 650 | 6|aPoisson fumé|xMicrobiologie. |
| 710 | 2 |aBiological Board of Canada, |eissuing body. |
| 830 | #0|aManuscript reports of the experimental stations ;|vno. 11.|w(CaOODSP)9.948621 |
| 856 | 40|qPDF|s4.71 MB|uhttps://publications.gc.ca/collections/collection_2025/mpo-dfo/fs52-5/Fs52-5-11-1926-eng.pdf |